书目信息 |
| 题名: |
北方盆景
|
|
| 作者: | 马文其 编著 | |
| 分册: | ||
| 出版信息: | 北京 中国林业出版社 1999.07 |
|
| 页数: | 80页 | |
| 开本: | 24开 | |
| 丛书名: | ||
| 单 册: | ||
| 中图分类: | S688.1(3) | |
| 科图分类: | ||
| 主题词: | 观赏园艺 , 花卉 , 园林树木 | |
| 电子资源: | ||
| ISBN: | 7-5038-2210-4 | |
| 000 | 00590nam0 2200217 45 | |
| 001 | 0101051050 | |
| 005 | 20010105110027.5 | |
| 010 | @a7-5038-2210-4@d19.00元 | |
| 100 | @a20010105d1999 km y0chiy0120 ea | |
| 101 | 0 | @achi |
| 105 | @a z 000yy | |
| 200 | 1 | @a北方盆景@ABei Fang Pen Jing@f马文其等编著@FMa Wen Qi Deng Bian Zhu |
| 210 | @a北京@c中国林业出版社@d1999.07 | |
| 215 | @a80页@d24开 | |
| 606 | 0 | @a观赏园艺 |
| 606 | 0 | @a花卉 |
| 606 | 0 | @a园林树木 |
| 690 | @aS688.1(3)@v3 | |
| 701 | 0 | @a马文其@4编著 |
| 801 | @aCN@bPftUser@c20010105 | |
| 905 | @b518655-658@dS688.1(3)@eM693@f4 | |
| 北方盆景/马文其等编著.-北京:中国林业出版社,1999.07 |
| 80页;24开 |
| ISBN 7-5038-2210-4:19.00元 |
| ● |
| 相关链接 |
|
|
|
正题名:北方盆景
索取号:S688.1(3)/M693
 
预约/预借
| 序号 | 登录号 | 条形码 | 馆藏地/架位号 | 状态 | 备注 |
| 1 | 518655 | 205186555 | 自科库401/401自科库 68排5列3层/ [索取号:S688.1(3)/M693] | 在馆 | |
| 2 | 518656 | 205186564 | 自科库401/401自科库 68排5列3层/ [索取号:S688.1(3)/M693] | 在馆 | |
| 3 | 518657 | 205186573 | 自科库401/401自科库 68排5列3层/ [索取号:S688.1(3)/M693] | 在馆 | |
| 4 | 518658 | 205186582 | 自科库401/401自科库 68排5列3层/ [索取号:S688.1(3)/M693] | 在馆 | |
| 5 | 518744 | 205187448 | 自科库401/401自科库 68排5列3层/ [索取号:S688.1(3)/M693] | 在馆 |